000 00712nam a2200253Ia 4500
003 OSt
005 20220926015430.0
006 a|||||r|||| 00| 0
007 ta
008 220923b |||||||| |||| 00| 0 eng d
020 _ai403932964
037 _cGeneral Book
040 _aRTL
_cRTL
_beng
041 _2eng
_aeng
082 _aX991, P4
100 _aChoi Chong Ju etc.
_9322253
245 0 _aEmergent globalization
_bA new traid of business system
260 _aNew York
_bPalgrave Macmillan
_c2004
300 _avi,234p
_ccm.
500 _aBibliography P 210-229
650 _aGlobalization
942 _hX991, P4
_cGB
_2CC
999 _c631512
_d631512